000 00794nam a2200229Ia 4500
001 9046
003 GE_BSU
008 181216s||||||||xx |||||||||||||| ||und||
040 _cGE_BSU
080 _a821.353.1-1
100 _aკრავცოვა,ნანა
245 _aსივრცეს აჩნია თითების კვალი
245 _bლექსები
245 _cრედ.ი.ქემერტელიძე.მხატვ.ი.დუნდუა
260 _aთბილისი
260 _bსაბჭოთა საქართველო
260 _c1985
300 _a18გვ.16სმ.
653 _aლექსები
653 _aსივრცეს აჩნია თითების კვალი
942 _cBK
999 _c42350
_d42350